000 00332nam a22001337a 4500
005 20250121104035.0
008 250121b |||||||| |||| 00| 0 eng d
050 _aJF1351
_bTYA
100 _aTyagi, A.R.
245 _aPublic administration
260 _aNew Delhi
_bAtma RamAND Sons
_c2004
300 _axvi, 829p
942 _2lcc
_cBK
_n0
999 _c2735
_d2735